000 00606nam a2200193Ia 4500
005 20230130093601.0
008 131103s9999 xx 000 0 und d
040 _aLoreto College
041 _aEnglish
082 _a839.6
_bVIN
100 _aSaga,Graenlendinga
245 4 _aThe vinland sagas
_b the norse discovery of Ameria
_cGraenlendinga Saga and Eirik's Saga;translated with an introduction by Magnus magnusson and Hermann Palsson
260 _aHarmoundsworth
_bPenguin Book
_c1965
300 _a129 p.
440 _aPenguin Classics
700 _aSage,Eirik's
850 _aLCLIB
942 _cBK
999 _c5416
_d55895